[Event "Grand Prix 2nd leg Jermuk"]
[Site "?"]
[Date "2017.10.08"]
[Round "5.2"]
[White "Pultinevicius, Paulius"]
[Black "Hakobyan, Aram"]
[Result "1/2-1/2"]
[BlackElo "2457"]
[WhiteElo "2387"]
[LiveChessVersion "1.4.8"]

1. b3 {[%clk 1:30:59]} g6 {[%clk 1:30:09]} 2. Bb2 {[%clk 1:31:24]} Nf6
{[%clk 1:30:32]} 3. Nf3 {[%clk 1:31:12]} Bg7 {[%clk 1:30:41]} 4. e3
{[%clk 1:31:05]} c5 {[%clk 1:30:34]} 5. Be2 {[%clk 1:30:20]} O-O {[%clk 1:30:43]}
6. O-O {[%clk 1:29:52]} d5 {[%clk 1:30:01]} 7. c4 {[%clk 1:27:39]} Nc6
{[%clk 1:28:20]} 8. Ne5 {[%clk 1:12:05]} Nxe5 {[%clk 1:21:35]} 9. Bxe5
{[%clk 1:12:31]} Bf5 {[%clk 1:21:43]} 10. d3 {[%clk 0:58:24]} dxc4
{[%clk 1:12:02]} 11. bxc4 {[%clk 0:45:33]} Qd7 {[%clk 1:12:08]} 12. Qb3
{[%clk 0:42:54]} Rfd8 {[%clk 1:01:26]} 13. Rd1 {[%clk 0:39:11]} Qe6
{[%clk 0:50:26]} 14. Qb2 {[%clk 0:34:39]} g5 {[%clk 0:39:06]} 15. d4
{[%clk 0:20:46]} cxd4 {[%clk 0:36:18]} 16. exd4 {[%clk 0:10:37]} Qb6
{[%clk 0:36:31]} 17. Qa3 {[%clk 0:07:54]} Ne4 {[%clk 0:32:03]} 18. Bxg7
{[%clk 0:06:45]} Kxg7 {[%clk 0:32:21]} 19. Nc3 {[%clk 0:05:16]} Rxd4
{[%clk 0:23:33]} 20. Nxe4 {[%clk 0:05:40]} Rxe4 {[%clk 0:23:18]} 21. Rab1
{[%clk 0:05:55]} Qf6 {[%clk 0:22:50]} 22. Bf3 {[%clk 0:04:23]} Rxc4
{[%clk 0:18:48]} 23. Rxb7 {[%clk 0:03:06]} g4 {[%clk 0:15:02]} 24. Be2
{[%clk 0:02:06]} Re4 {[%clk 0:15:27]} 25. Bf1 {[%clk 0:02:00]} a6
{[%clk 0:15:42]} 26. Rb4 {[%clk 0:01:35]} Rxb4 {[%clk 0:14:19]} 27. Qxb4
{[%clk 0:02:04]} Rc8 {[%clk 0:14:27]} 28. Qa3 {[%clk 0:01:27]} Rc6
{[%clk 0:14:22]} 29. Re1 {[%clk 0:01:25]} Rd6 {[%clk 0:14:32]} 30. Qg3
{[%clk 0:01:39]} h5 {[%clk 0:14:13]} 31. Qa3 {[%clk 0:00:41]} Bg6
{[%clk 0:13:45]} 32. Qa5 {[%clk 0:00:40]} Rc6 {[%clk 0:13:46]} 33. Qa3
{[%clk 0:00:33]} Rc2 {[%clk 0:13:19]} 34. Re2 {[%clk 0:01:01]} Rc7
{[%clk 0:03:17]} 35. Re1 {[%clk 0:01:24]} Ra7 {[%clk 0:03:01]} 36. h3
{[%clk 0:01:23]} e5 {[%clk 0:00:33]} 37. hxg4 {[%clk 0:01:51]} hxg4
{[%clk 0:01:02]} 38. Bd3 {[%clk 0:01:49]} e4 {[%clk 0:00:45]} 39. Be2
{[%clk 0:01:34]} Bf5 {[%clk 0:00:38]} 40. Qg3 {[%clk 0:01:27]} Qe6
{[%clk 0:01:03]} 41. Bxg4 {[%clk 0:01:21]} Bxg4 {[%clk 0:01:27]} 42. f3
{[%clk 0:01:48]} Qb6+ {[%clk 0:01:14]} 43. Kh2 {[%clk 0:01:21]} Qh6+
{[%clk 0:01:42]} 44. Kg1 {[%clk 0:01:44]} Qb6+ {[%clk 0:02:11]} 45. Kh2
{[%clk 0:02:09]} Qh6+ {[%clk 0:00:57]} 46. Kg1 {[%clk 0:02:38]} Qg6
{[%clk 0:00:52]} 47. Qxg4 {[%clk 0:02:23]} Qxg4 {[%clk 0:01:09]} 48. fxg4
{[%clk 0:02:51]} Re7 {[%clk 0:01:32]} 49. Rc1 {[%clk 0:00:48]} Kf6
{[%clk 0:01:34]} 50. Rc5 {[%clk 0:01:12]} Re5 {[%clk 0:01:24]} 51. Rc6+
{[%clk 0:01:24]} Re6 {[%clk 0:01:53]} 52. Rc5 {[%clk 0:01:40]} Rd6
{[%clk 0:01:08]} 53. Ra5 {[%clk 0:02:08]} Rd2 {[%clk 0:00:42]} 54. Kh2
{[%clk 0:01:06]} Rf2 {[%clk 0:00:34]} 55. Kg1 {[%clk 0:00:47]} Rf4
{[%clk 0:00:48]} 56. g3 {[%clk 0:00:41]} Rf3 57. Kg2 Ke6 {[%clk 0:00:33]} 58. g5
{[%clk 0:01:03]} Rc3 {[%clk 0:00:37]} 59. Rxa6+ {[%clk 0:00:45]} Kf5
{[%clk 0:00:34]} 60. Rf6+ {[%clk 0:00:56]} Kxg5 {[%clk 0:00:55]} 61. Rxf7
{[%clk 0:01:24]} Ra3 {[%clk 0:00:50]} 1/2-1/2

[Event "Grand Prix 2nd leg Jermuk"]
[Site "?"]
[Date "2017.10.08"]
[Round "5.3"]
[White "Kacharava, Nikolozi"]
[Black "Sargsyan, Shant"]
[Result "1/2-1/2"]
[BlackElo "2431"]
[WhiteElo "2206"]
[LiveChessVersion "1.4.8"]

1. e4 {[%clk 1:30:53]} e5 {[%clk 1:30:30]} 2. Nf3 {[%clk 1:31:10]} Nc6
{[%clk 1:30:50]} 3. Bc4 {[%clk 1:31:21]} Bc5 {[%clk 1:30:47]} 4. c3
{[%clk 1:31:19]} Nf6 {[%clk 1:31:03]} 5. d3 {[%clk 1:31:33]} d6 {[%clk 1:30:56]}
6. Nbd2 {[%clk 1:31:27]} O-O {[%clk 1:30:53]} 7. O-O {[%clk 1:31:37]} a5
{[%clk 1:30:52]} 8. h3 {[%clk 1:25:37]} h6 {[%clk 1:29:58]} 9. Re1
{[%clk 1:22:22]} Bd7 {[%clk 1:28:02]} 10. Nf1 {[%clk 1:18:32]} a4
{[%clk 1:27:10]} 11. Bb5 {[%clk 1:16:35]} Ne7 {[%clk 1:25:45]} 12. Bxd7
{[%clk 1:16:35]} Qxd7 {[%clk 1:26:01]} 13. Ng3 {[%clk 0:58:19]} Ng6
{[%clk 1:20:13]} 14. d4 {[%clk 0:55:34]} Bb6 {[%clk 1:14:52]} 15. Be3
{[%clk 0:53:08]} exd4 {[%clk 1:07:11]} 16. cxd4 {[%clk 0:48:01]} Qb5
{[%clk 1:03:11]} 17. Qc2 {[%clk 0:45:35]} Rfe8 {[%clk 0:56:15]} 18. Nd2
{[%clk 0:42:51]} Ba5 {[%clk 0:48:36]} 19. Red1 {[%clk 0:28:20]} c6
{[%clk 0:44:25]} 20. Rac1 {[%clk 0:22:34]} Bxd2 {[%clk 0:33:58]} 21. Bxd2
{[%clk 0:19:07]} Nh4 {[%clk 0:32:58]} 22. Re1 {[%clk 0:15:04]} Re6
{[%clk 0:26:55]} 23. Bc3 {[%clk 0:07:05]} Qg5 {[%clk 0:24:04]} 24. d5
{[%clk 0:07:18]} cxd5 {[%clk 0:21:50]} 25. Bxf6 {[%clk 0:07:36]} Rxf6
{[%clk 0:17:41]} 26. exd5 {[%clk 0:07:30]} Qxd5 {[%clk 0:14:10]} 27. Qe4
{[%clk 0:07:34]} Qxe4 {[%clk 0:06:58]} 28. Rxe4 {[%clk 0:07:56]} Ng6
{[%clk 0:06:23]} 29. Rb4 {[%clk 0:07:55]} Ne5 {[%clk 0:05:13]} 30. Rxb7
{[%clk 0:06:31]} Rxf2 {[%clk 0:04:44]} 31. Kxf2 {[%clk 0:05:49]} Nd3+
{[%clk 0:05:09]} 32. Ke3 {[%clk 0:05:31]} Nxc1 {[%clk 0:05:37]} 33. Nf5
{[%clk 0:05:32]} Re8+ {[%clk 0:04:42]} 34. Kd2 {[%clk 0:04:24]} Nxa2
{[%clk 0:05:06]} 35. Nxd6 {[%clk 0:02:09]} Rd8 {[%clk 0:05:17]} 36. Rb6
{[%clk 0:02:35]} Nb4 {[%clk 0:05:34]} 37. Rxb4 {[%clk 0:02:34]} Rxd6+
{[%clk 0:05:12]} 38. Kc3 {[%clk 0:02:22]} Rc6+ {[%clk 0:03:55]} 39. Kd3
{[%clk 0:02:00]} Ra6 {[%clk 0:04:18]} 40. Kc4 {[%clk 0:02:06]} a3
{[%clk 0:03:59]} 41. bxa3 {[%clk 0:02:29]} Rxa3 {[%clk 0:04:28]} 42. Rb2
{[%clk 0:00:55]} Re3 {[%clk 0:02:26]} 43. Kd4 {[%clk 0:01:11]} Re1
{[%clk 0:02:49]} 44. Kd3 {[%clk 0:01:10]} g5 {[%clk 0:02:50]} 45. Rb4
{[%clk 0:00:58]} Kg7 {[%clk 0:00:43]} 46. h4 {[%clk 0:01:00]} f5 {[%clk 0:00:35]}
47. h5 {[%clk 0:00:42]} Kf6 {[%clk 0:00:42]} 48. Rb8 {[%clk 0:00:42]} Re6
{[%clk 0:00:36]} 49. Rf8+ {[%clk 0:00:52]} Ke5 {[%clk 0:00:35]} 50. Ke3
{[%clk 0:01:12]} Ra6 {[%clk 0:00:39]} 51. Re8+ {[%clk 0:01:22]} Re6
{[%clk 0:01:08]} 52. Rf8 {[%clk 0:01:45]} g4 {[%clk 0:01:09]} 53. g3
{[%clk 0:01:44]} Ra6 {[%clk 0:01:23]} 54. Re8+ {[%clk 0:01:35]} Kf6
{[%clk 0:01:46]} 55. Rg8 {[%clk 0:01:51]} Kf7 {[%clk 0:00:38]} 56. Rb8
{[%clk 0:02:04]} Kf6 {[%clk 0:00:44]} 57. Rg8 {[%clk 0:02:29]} Ra3+
{[%clk 0:00:41]} 58. Kf2 {[%clk 0:02:54]} Ra2+ {[%clk 0:00:58]} 59. Kg1
{[%clk 0:02:14]} Ra1+ {[%clk 0:00:47]} 60. Kf2 {[%clk 0:02:23]} Ra2+
{[%clk 0:01:16]} 61. Kg1 {[%clk 0:02:53]} Ke5 {[%clk 0:00:49]} 62. Re8+
{[%clk 0:03:12]} Kd5 {[%clk 0:00:55]} 63. Re7 {[%clk 0:03:13]} Ra1+
{[%clk 0:01:18]} 64. Kg2 {[%clk 0:03:34]} Ra2+ {[%clk 0:01:47]} 65. Kg1
{[%clk 0:03:57]} Ra6 {[%clk 0:01:27]} 66. Kf2 {[%clk 0:03:25]} Re6
{[%clk 0:01:25]} 67. Rf7 {[%clk 0:03:32]} Ke4 {[%clk 0:01:27]} 68. Rf8
{[%clk 0:03:34]} Ke5 {[%clk 0:01:01]} 69. Ke3 {[%clk 0:03:02]} Re7
{[%clk 0:01:17]} 70. Kf2 {[%clk 0:02:48]} Rb7 {[%clk 0:01:02]} 71. Rh8
{[%clk 0:00:56]} Rb2+ {[%clk 0:00:46]} 72. Kg1 {[%clk 0:00:49]} Rb6
{[%clk 0:00:59]} 73. Re8+ {[%clk 0:00:39]} Kf6 {[%clk 0:00:44]} 74. Rg8
{[%clk 0:01:01]} Kf7 {[%clk 0:00:56]} 75. Ra8 {[%clk 0:01:08]} Rb5
{[%clk 0:00:33]} 76. Ra6 {[%clk 0:00:51]} Kg7 {[%clk 0:00:37]} 77. Rg6+ Kh7 78.
Rf6 {[%clk 0:01:26]} Rc5 {[%clk 0:00:33]} 79. Kg2 {[%clk 0:01:27]} Rd5
{[%clk 0:00:41]} 80. Kg1 {[%clk 0:01:33]} Ra5 {[%clk 0:00:35]} 81. Kg2
{[%clk 0:01:56]} Rb5 {[%clk 0:00:35]} 82. Kg1 {[%clk 0:02:18]} Rb1+
{[%clk 0:00:52]} 83. Kg2 {[%clk 0:02:43]} Rb2+ {[%clk 0:00:48]} 84. Kg1
{[%clk 0:03:06]} Rb3 {[%clk 0:01:13]} 85. Kg2 {[%clk 0:03:07]} Rf3
{[%clk 0:01:19]} 86. Rf7+ {[%clk 0:03:26]} Kg8 {[%clk 0:01:46]} 87. Rf6
{[%clk 0:03:50]} Kg7 {[%clk 0:02:02]} 88. Rg6+ {[%clk 0:04:14]} Kh7
{[%clk 0:02:24]} 89. Rf6 {[%clk 0:04:37]} 1/2-1/2

[Event "Grand Prix 2nd leg Jermuk"]
[Site "?"]
[Date "2017.10.08"]
[Round "5.4"]
[White "Kaasen, Tor Fredrik"]
[Black "Lobanov, Sergei"]
[Result "1-0"]
[BlackElo "2457"]
[WhiteElo "2371"]
[LiveChessVersion "1.4.8"]

1. d4 {[%clk 1:30:52]} Nf6 {[%clk 1:30:56]} 2. c4 {[%clk 1:31:11]} e6
{[%clk 1:31:22]} 3. Nf3 {[%clk 1:31:32]} b6 {[%clk 1:31:48]} 4. g3
{[%clk 1:31:35]} Bb7 {[%clk 1:32:14]} 5. Bg2 {[%clk 1:31:47]} Be7
{[%clk 1:32:39]} 6. O-O {[%clk 1:32:02]} O-O {[%clk 1:33:05]} 7. Nc3
{[%clk 1:32:06]} Ne4 {[%clk 1:33:29]} 8. Bd2 {[%clk 1:32:20]} Bf6
{[%clk 1:29:38]} 9. Rc1 {[%clk 1:32:06]} d5 {[%clk 1:28:18]} 10. cxd5
{[%clk 1:29:43]} exd5 {[%clk 1:28:23]} 11. Bf4 {[%clk 1:29:35]} Na6
{[%clk 1:28:16]} 12. e3 {[%clk 1:22:27]} c5 {[%clk 1:26:08]} 13. h4
{[%clk 1:17:34]} Re8 {[%clk 1:15:00]} 14. a3 {[%clk 1:14:27]} Qe7
{[%clk 0:51:20]} 15. Qa4 {[%clk 1:07:20]} Nc7 {[%clk 0:49:46]} 16. dxc5
{[%clk 0:58:23]} Nxc5 {[%clk 0:47:06]} 17. Qc2 {[%clk 0:56:27]} N7e6
{[%clk 0:46:50]} 18. Rfd1 {[%clk 0:54:27]} d4 {[%clk 0:29:18]} 19. exd4
{[%clk 0:38:25]} Nxf4 {[%clk 0:20:31]} 20. gxf4 {[%clk 0:38:42]} Ne6
{[%clk 0:20:54]} 21. Re1 {[%clk 0:29:54]} Qd6 {[%clk 0:12:47]} 22. Ng5
{[%clk 0:25:12]} Bxg2 {[%clk 0:06:20]} 23. Qxh7+ {[%clk 0:22:17]} Kf8
{[%clk 0:06:49]} 24. Nb5 {[%clk 0:21:43]} 1-0

[Event "Grand Prix 2nd leg Jermuk"]
[Site "?"]
[Date "2017.10.08"]
[Round "5.5"]
[White "Zarubitski, Viachaslau"]
[Black "Nesterov, Arseniy"]
[Result "1/2-1/2"]
[BlackElo "2350"]
[WhiteElo "2311"]
[LiveChessVersion "1.4.8"]

1. e4 {[%clk 1:30:58]} e5 {[%clk 1:30:56]} 2. Nf3 {[%clk 1:31:24]} Nc6
{[%clk 1:31:23]} 3. Bb5 {[%clk 1:31:47]} a6 {[%clk 1:31:45]} 4. Ba4
{[%clk 1:32:12]} Nf6 {[%clk 1:32:09]} 5. O-O {[%clk 1:32:32]} b5 {[%clk 1:32:36]}
6. Bb3 {[%clk 1:32:55]} Bc5 {[%clk 1:33:00]} 7. Nc3 {[%clk 1:32:36]} d6
{[%clk 1:31:40]} 8. Nd5 {[%clk 1:33:03]} h6 {[%clk 1:26:02]} 9. c3
{[%clk 1:31:17]} Ba7 {[%clk 1:10:55]} 10. d4 {[%clk 1:20:01]} Bd7
{[%clk 1:08:14]} 11. dxe5 {[%clk 1:17:03]} Nxe5 {[%clk 1:01:46]} 12. Nxe5
{[%clk 1:16:55]} dxe5 {[%clk 1:02:10]} 13. Qf3 {[%clk 1:17:17]} c6
{[%clk 0:59:14]} 14. Nxf6+ {[%clk 1:11:03]} Qxf6 {[%clk 0:59:37]} 15. Qxf6
{[%clk 1:11:20]} gxf6 {[%clk 1:00:02]} 16. Kh1 {[%clk 1:11:48]} Be6
{[%clk 0:48:17]} 17. f4 {[%clk 1:12:00]} Ke7 {[%clk 0:46:41]} 18. fxe5
{[%clk 0:47:49]} fxe5 {[%clk 0:47:05]} 19. Bd2 {[%clk 0:48:17]} f6
{[%clk 0:40:14]} 20. Bxe6 {[%clk 0:40:21]} Kxe6 {[%clk 0:40:39]} 21. Rf3
{[%clk 0:40:46]} Bc5 {[%clk 0:35:20]} 22. Raf1 {[%clk 0:35:44]} Be7
{[%clk 0:35:45]} 23. Kg1 {[%clk 0:32:37]} Rad8 {[%clk 0:35:02]} 24. Be3
{[%clk 0:32:47]} Rd3 {[%clk 0:33:54]} 25. Kf2 {[%clk 0:32:36]} c5
{[%clk 0:33:21]} 26. Rh3 {[%clk 0:28:31]} Rg8 {[%clk 0:26:28]} 27. g3
{[%clk 0:22:33]} Rg4 {[%clk 0:26:48]} 28. Kf3 {[%clk 0:22:47]} Rg6
{[%clk 0:27:01]} 29. Ke2 {[%clk 0:22:38]} c4 {[%clk 0:27:24]} 30. Rh4
{[%clk 0:22:32]} Bf8 {[%clk 0:25:32]} 31. Rf5 {[%clk 0:22:23]} a5
{[%clk 0:25:33]} 32. Rf1 {[%clk 0:18:22]} Kf7 {[%clk 0:16:05]} 33. Rd1
{[%clk 0:17:04]} Rxd1 {[%clk 0:16:15]} 34. Kxd1 {[%clk 0:17:32]} Ke6
{[%clk 0:14:28]} 35. Ke2 {[%clk 0:17:27]} b4 {[%clk 0:14:39]} 36. Rh5
{[%clk 0:11:44]} Rg4 {[%clk 0:08:39]} 37. Bxh6 {[%clk 0:11:37]} Bxh6
{[%clk 0:08:47]} 38. Rxh6 {[%clk 0:12:06]} Rxe4+ {[%clk 0:09:10]} 39. Kd2
{[%clk 0:10:17]} Rg4 {[%clk 0:06:11]} 40. Rh8 {[%clk 0:10:21]} Rg7
{[%clk 0:06:07]} 41. cxb4 {[%clk 0:09:17]} axb4 {[%clk 0:06:34]} 42. Rb8
{[%clk 0:09:45]} Rd7+ {[%clk 0:05:06]} 43. Kc2 {[%clk 0:04:50]} Rh7
{[%clk 0:04:40]} 44. h4 {[%clk 0:05:08]} Rg7 {[%clk 0:05:03]} 45. Rxb4
{[%clk 0:05:34]} Kd5 {[%clk 0:05:20]} 46. a4 {[%clk 0:04:36]} Rxg3
{[%clk 0:05:05]} 47. a5 {[%clk 0:04:57]} Rg2+ {[%clk 0:04:38]} 48. Kc3
{[%clk 0:04:48]} Rg3+ {[%clk 0:04:57]} 49. Kd2 {[%clk 0:04:44]} Kc5
{[%clk 0:01:29]} 50. Rb8 {[%clk 0:04:10]} Rg2+ {[%clk 0:00:37]} 51. Ke3
{[%clk 0:02:21]} Rg3+ {[%clk 0:01:02]} 52. Kf2 {[%clk 0:02:18]} Rg7
{[%clk 0:01:28]} 53. h5 {[%clk 0:02:43]} Ra7 {[%clk 0:00:36]} 54. h6
{[%clk 0:03:03]} Rh7 {[%clk 0:00:54]} 55. a6 {[%clk 0:03:21]} Kc6
{[%clk 0:01:12]} 56. Kf3 {[%clk 0:01:14]} f5 {[%clk 0:01:39]} 57. Ke3
{[%clk 0:01:32]} Kc5 {[%clk 0:01:23]} 58. Kf3 {[%clk 0:01:02]} Kc6
{[%clk 0:01:49]} 59. Ke2 {[%clk 0:01:26]} Kc5 {[%clk 0:01:53]} 60. Ke3
{[%clk 0:01:52]} Kc6 {[%clk 0:02:11]} 61. Ke2 {[%clk 0:01:17]} Kc5
{[%clk 0:02:36]} 62. Kf2 {[%clk 0:01:45]} Kc6 {[%clk 0:02:55]} 63. Kf3
{[%clk 0:00:58]} Kc5 {[%clk 0:02:56]} 64. Kg2 {[%clk 0:01:27]} Kc6
{[%clk 0:02:54]} 65. Rb4 {[%clk 0:00:54]} e4 {[%clk 0:01:06]} 66. Ra4
{[%clk 0:00:54]} Rh8 {[%clk 0:01:12]} 67. a7 {[%clk 0:01:21]} Ra8
{[%clk 0:01:39]} 68. h7 {[%clk 0:01:43]} Kb7 {[%clk 0:02:07]} 69. Kg3
{[%clk 0:02:03]} e3 {[%clk 0:02:25]} 70. Kf3 {[%clk 0:02:30]} f4 {[%clk 0:02:50]}
71. Ke2 {[%clk 0:02:59]} f3+ {[%clk 0:02:20]} 72. Kxe3 {[%clk 0:02:38]} Re8+
{[%clk 0:02:44]} 73. Kxf3 {[%clk 0:03:05]} Ka8 {[%clk 0:03:11]} 74. Rxc4
{[%clk 0:03:29]} Rh8 {[%clk 0:03:39]} 75. Ra4 {[%clk 0:03:10]} Rxh7
{[%clk 0:04:04]} 76. Ke3 {[%clk 0:02:44]} Rb7 {[%clk 0:02:26]} 77. Ra2
{[%clk 0:03:10]} Rd7 {[%clk 0:02:40]} 78. Ke2 {[%clk 0:03:04]} Rd6
{[%clk 0:01:24]} 79. Ke3 {[%clk 0:01:36]} Rd7 {[%clk 0:01:40]} 80. Ke4
{[%clk 0:02:02]} Rd2 {[%clk 0:01:44]} 81. Ke5 {[%clk 0:02:28]} Rd7
{[%clk 0:01:53]} 82. Ke6 {[%clk 0:02:44]} Rd2 {[%clk 0:02:12]} 83. Ke7
{[%clk 0:03:05]} Rd4 {[%clk 0:00:46]} 84. Ra3 {[%clk 0:02:55]} Rb4
{[%clk 0:01:01]} 85. Ra2 {[%clk 0:02:44]} Rd4 {[%clk 0:01:27]} 86. Ra3
{[%clk 0:01:42]} Rb4 {[%clk 0:01:52]} 87. b3 {[%clk 0:02:08]} Rd4
{[%clk 0:02:18]} 88. Ra5 {[%clk 0:01:57]} Rb4 {[%clk 0:02:29]} 89. Ra3
{[%clk 0:02:26]} Rd4 {[%clk 0:02:52]} 90. Ke6 {[%clk 0:02:50]} Rd3
{[%clk 0:03:19]} 91. Ke5 {[%clk 0:03:09]} Rd7 {[%clk 0:03:41]} 92. Ra4
{[%clk 0:03:29]} Rb7 {[%clk 0:04:03]} 93. Ra3 {[%clk 0:03:47]} Rxa7
{[%clk 0:02:25]} 94. Rxa7+ {[%clk 0:04:12]} Kxa7 {[%clk 0:02:54]} 95. Kd4
{[%clk 0:04:31]} Kb6 {[%clk 0:03:21]} 96. Kc4 {[%clk 0:04:55]} Kc6
{[%clk 0:03:48]} 1/2-1/2

[Event "Grand Prix 2nd leg Jermuk"]
[Site "?"]
[Date "2017.10.08"]
[Round "5.6"]
[White "Shubin, Kirill"]
[Black "Shevchenko, Kirill"]
[Result "0-1"]
[BlackElo "2531"]
[WhiteElo "2359"]
[LiveChessVersion "1.4.8"]

1. e4 {[%clk 1:30:52]} c5 {[%clk 1:30:51]} 2. Nf3 {[%clk 1:31:17]} d6
{[%clk 1:31:11]} 3. d4 {[%clk 1:31:44]} cxd4 {[%clk 1:31:31]} 4. Nxd4
{[%clk 1:32:09]} Nf6 {[%clk 1:31:51]} 5. Nc3 {[%clk 1:32:36]} a6 {[%clk 1:32:09]}
6. Be3 {[%clk 1:33:02]} e5 {[%clk 1:32:27]} 7. Nb3 {[%clk 1:33:27]} Be6
{[%clk 1:32:45]} 8. h3 {[%clk 1:33:54]} Be7 {[%clk 1:30:24]} 9. f4
{[%clk 1:34:19]} Nc6 {[%clk 1:25:58]} 10. f5 {[%clk 1:25:25]} Bxb3
{[%clk 1:25:55]} 11. axb3 {[%clk 1:24:46]} d5 {[%clk 1:24:54]} 12. exd5
{[%clk 1:12:29]} Nb4 {[%clk 1:19:00]} 13. Bc4 {[%clk 1:04:20]} O-O
{[%clk 1:07:34]} 14. g4 {[%clk 0:55:50]} b5 {[%clk 0:39:49]} 15. g5
{[%clk 0:55:55]} bxc4 {[%clk 0:40:10]} 16. gxf6 {[%clk 0:56:10]} Bxf6
{[%clk 0:40:32]} 17. bxc4 {[%clk 0:55:37]} Qc8 {[%clk 0:40:43]} 18. Qe2
{[%clk 0:52:31]} Bh4+ {[%clk 0:39:32]} 19. Kd1 {[%clk 0:52:50]} Qxf5
{[%clk 0:39:25]} 20. Bc5 {[%clk 0:51:52]} Nxc2 {[%clk 0:31:31]} 21. Rf1
{[%clk 0:52:04]} Qc8 {[%clk 0:31:50]} 22. Kxc2 {[%clk 0:51:19]} Qxc5
{[%clk 0:32:10]} 23. Qxe5 {[%clk 0:51:31]} Rfe8 {[%clk 0:28:44]} 24. Rxa6
{[%clk 0:39:07]} Rab8 {[%clk 0:19:17]} 25. Qf4 {[%clk 0:37:14]} Qb4
{[%clk 0:19:40]} 26. Kd3 {[%clk 0:25:30]} Qe7 {[%clk 0:14:29]} 27. d6
{[%clk 0:24:49]} Rbd8 {[%clk 0:13:25]} 28. Kc2 {[%clk 0:24:51]} Qb7
{[%clk 0:13:43]} 29. Ra3 {[%clk 0:22:16]} Qg2+ {[%clk 0:13:11]} 30. Kb1
{[%clk 0:21:28]} Bf6 {[%clk 0:09:26]} 31. Rf2 {[%clk 0:21:50]} Re1+
{[%clk 0:08:31]} 32. Kc2 {[%clk 0:20:57]} Qg1 {[%clk 0:07:00]} 33. Ne4
{[%clk 0:20:22]} Rxe4 {[%clk 0:07:22]} 0-1